Faltan 10 minutos para dormir / (Registro nro. 2245)
[ vista simple ]
| 000 -CABECERA | |
|---|---|
| Longitud fija campo de control | 00999nam a2200313 a 4500 |
| 003 - • IDENTIFICADOR DELl NÚMERO DE CONTROL | |
| Identificador del número de control | CO-ViMGA |
| 008 - • CÓDIGOS DE INFORMACIÓN DE LONGITUD FIJA | |
| Códigos de información de longitud fija | 141112s2004 ck r 000 u spa d |
| 020 ## - • NÚMERO INTERNACIONAL NORMALIZADO PARA LIBROS | |
| Número Internacional Normalizado para Libros (ISBN) | 9789588445168 |
| 040 ## - FUENTE DE LA CATALOGACIÓN | |
| Centro catalogador de origen | CO-ViMGA |
| Lengua de catalogación | spa |
| Centro transcriptor | CO-ViMGA |
| 041 ## - • CÓDIGO DE LENGUA | |
| Código de lengua del texto/banda sonora o título independiente | SPA |
| 100 1# - • PUNTO DE ACCESO PRINCIPAL-NOMBRE DE PERSONA | |
| Nombre de persona | Rathman, Peggy |
| 245 10 - • TITULO PROPIAMENTE DICHO | |
| Título | Faltan 10 minutos para dormir / |
| Mención de responsabilidad, etc. | Peggy Rathmann; traducción : Kurusa |
| 250 ## - • MENCIÓN DE EDICIÓN | |
| Mención de edición | 2a ed. |
| 300 ## - • DESCRIPCIÓN FÍSICA | |
| Extensión | 44 p. : il. col. |
| 490 ## - • MENCIÓN DE SERIE | |
| Mención de serie | El jardín de los niños |
| 650 14 - • PUNTO DE ACCESO ADICIONAL DE MATERIA - TÉRMINO DE MATERIA | |
| Término de materia o nombre geográfico como elemento inicial | AUTORES ESTADOUNIDENSES - SIGLO XX |
| 650 14 - • PUNTO DE ACCESO ADICIONAL DE MATERIA - TÉRMINO DE MATERIA | |
| Término de materia o nombre geográfico como elemento inicial | HORA DE DORMIR - LIBROS DE IMAGENES |
| 650 14 - • PUNTO DE ACCESO ADICIONAL DE MATERIA - TÉRMINO DE MATERIA | |
| Término de materia o nombre geográfico como elemento inicial | ILUSTRADORES ESTADOUNIDENSES |
| 650 14 - • PUNTO DE ACCESO ADICIONAL DE MATERIA - TÉRMINO DE MATERIA | |
| Término de materia o nombre geográfico como elemento inicial | IMAGINACION - LIBROS DE IMAGENES |
| 650 14 - • PUNTO DE ACCESO ADICIONAL DE MATERIA - TÉRMINO DE MATERIA | |
| Término de materia o nombre geográfico como elemento inicial | LEER ES MI CUENTO - COLECCION 2011 |
| 650 14 - • PUNTO DE ACCESO ADICIONAL DE MATERIA - TÉRMINO DE MATERIA | |
| Término de materia o nombre geográfico como elemento inicial | LIBROS DE IMAGENES |
| 650 14 - • PUNTO DE ACCESO ADICIONAL DE MATERIA - TÉRMINO DE MATERIA | |
| Término de materia o nombre geográfico como elemento inicial | MASCOTAS - LIBROS DE IMAGENES |
| 700 1# - • PUNTO DE ACCESO ADICIONAL - NOMBRE DE PERSONA | |
| Nombre de persona | Kurusa |
| 700 1# - • PUNTO DE ACCESO ADICIONAL - NOMBRE DE PERSONA | |
| Nombre de persona | Rathman, Peggy |
| 942 ## - ENTRADA DE ELEMENTOS AGREGADOS (KOHA) | |
| Fuente de clasificaión o esquema | Dewey Decimal Classification |
| Koha [por defecto] tipo de item | LIbro |
| Perdido | Fuente de clasificación o esquema | Estado Físico | No para préstamo | Forma de adquisición | Localización permanente | Localización actual | Localización en estanterías | Fecha adquisición | Préstamos totales | Signatura completa | Código de barras | Fecha última consulta | Número de copia | Fecha del precio de reemplazo | Tipo de item de Koha | Serie de enumeración / cronolog&íacute;a | Fecha último préstamo | Note pública | Fuente de adquisición |
|---|---|---|---|---|---|---|---|---|---|---|---|---|---|---|---|---|---|---|---|
| Dewey Decimal Classification | Infantil | Biblioteca Pública Cubarral | Biblioteca Pública Cubarral | Sala Infantil | 07/25/2023 | A RAT1 | CUB00809 | 07/25/2023 | Ej.1 | 07/25/2023 | Libro Infantil | ||||||||
| Dewey Decimal Classification | Colección General | Biblioteca Pública Cumaral - Alvaro Garzon Torres | Biblioteca Pública Cumaral - Alvaro Garzon Torres | Literatura | 08/26/2024 | NGANO | CUM14116 | 08/26/2024 | Ej.1 | 08/26/2024 | LIbro | ||||||||
| Dewey Decimal Classification | Infantil | Biblioteca Pública Puerto López - Jorge Eliecer Gaitán | Biblioteca Pública Puerto López - Jorge Eliecer Gaitán | Sala Infantil | 05/14/2025 | PLZ00653 | 05/14/2025 | Ej.1 | 05/14/2025 | LIbro | |||||||||
| Dewey Decimal Classification | Colección General | Biblioteca Pública San Carlos de Guaroa - Eduardo Carranza | Biblioteca Pública San Carlos de Guaroa - Eduardo Carranza | Sala Infantil | 02/21/2023 | A RAT1 | SG00123 | 02/21/2023 | Ej.1 | 02/21/2023 | Libro Infantil | ||||||||
| Colección Sala Infantil de Literatura Pocatil y Tilín | Biblioteca Pública Departamental Eduardo Carranza - Villavicencio | Biblioteca Pública Departamental Eduardo Carranza - Villavicencio | Sala Infantil | 06/07/2012 | 1 | A RAT1 | ECA21141 | 01/03/2025 | Ej.1 | 11/26/2024 | LIbro | 01/03/2025 | 15550 | 20276 | ||||||
| Dewey Decimal Classification | Sala Infantil Segundo Piso | Biblioteca Pública Germán Arciniegas - Villavicencio | Biblioteca Pública Germán Arciniegas - Villavicencio | 12/04/2015 | A RAT1 | 25105 | 12/04/2015 | Ej. 1 | 12/04/2015 | LIbro | 27/jun/2012 | ||||||||
| Dewey Decimal Classification | Literatura General | Biblioteca Pública Granada - Boca del Monte | Biblioteca Pública Granada - Boca del Monte | Literatura | 05/07/2026 | C-RAT | GRDA08105 | 05/07/2026 | Ej.1 | 05/07/2026 | LIbro | BIBLIOTECA NACIONAL DE COLOMBIA | |||||||
| Dewey Decimal Classification | Infantil | Biblioteca Pública Guamal | Biblioteca Pública Guamal | Sala Infantil | 02/13/2023 | A RAT1 | GUA001136 | 02/13/2023 | Ej.1 | 02/13/2023 | Libro Infantil | ||||||||
| Dewey Decimal Classification | Infantil | Biblioteca Pública La Macarena | Biblioteca Pública La Macarena | Sala Infantil | 06/03/2025 | A RAT1 | LM02058 | 06/03/2025 | Ej.1 | 06/03/2025 | LIbro | ||||||||
| Dewey Decimal Classification | Infantil | Biblioteca Pública Mapiripan | Biblioteca Pública Mapiripan | Sala Infantil | 01/26/2024 | A RAT1 | MAP00003888 | 01/26/2024 | Ej.1 | 01/26/2024 | LIbro | ||||||||
| Dewey Decimal Classification | Biblioteca Pública Puerto Rico | Biblioteca Pública Puerto Rico | Sala Infantil | 06/13/2023 | A RAT1 | PR0000012283 | 06/13/2023 | Ej.1 | 06/13/2023 | Libro Infantil | |||||||||
| Dewey Decimal Classification | Infantil | Biblioteca Pública San Juanito - Ernesto Maria Peña Romero | Biblioteca Pública San Juanito - Ernesto Maria Peña Romero | Sala Infantil | 01/25/2024 | C RAT1 | SJU00418 | 01/25/2024 | Ej.1 | 01/25/2024 | LIbro |